[Event "NAYCC U08"]
[Site "Toronto CAN"]
[Date "2013.08.16"]
[Round "5"]
[White "Gan, David"]
[Black "Palusa, Maurya"]
[Result "0-1"]
[WhiteElo "731"]
[BlackElo "1624"]
[PlyCount "98"]
[GameId "2160767909250333"]
[EventDate "2013.08.14"]
[EventType "swiss"]
[EventRounds "9"]
[EventCountry "CAN"]
[SourceTitle "EXT 2022"]
[Source "ChessBase"]
[SourceDate "2021.10.06"]
[SourceVersion "1"]
[SourceVersionDate "2021.10.06"]
[SourceQuality "1"]

1. e4 c5 2. Nf3 e6 3. d4 cxd4 4. Nxd4 a6 5. Nc3 Qc7 6. Bd3 Nf6 7. O-O d6 8. Re1 Be7 9. Be3 O-O 10. Qf3 Nbd7 11. Qg3 Ne5 12. h3 b5 13. Bh6 Nh5 14. Qe3 gxh6 15. Qxh6 Nf6 16. Re3 Kh8 17. f4 Nxd3 18. cxd3 Qc5 19. Nc2 b4 20. e5 dxe5 21. fxe5 Nd7 22. d4 Qc6 23. d5 Qc4 24. d6 Bd8 25. Ne4 Qxc2 26. Nf6 Bxf6 27. exf6 Rg8 28. g4 Qxb2 29. Rf1 Bb7 30. Rf2 Qc1+ 31. Rf1 Qd2 32. Rf2 Qxd6 33. Kf1 Rac8 34. Rfe2 Rc1+ 35. Re1 Rxe1+ 36. Kxe1 Qd4 37. Kf2 Qxf6+ 38. Qxf6+ Nxf6 39. Rb3 Ne4+ 40. Ke3 a5 41. Kf4 Rc8 42. h4 Rc3 43. Rb2 Nd6 44. Rd2 Rf3+ 45. Kg5 Ne4+ 46. Kh6 Nxd2 47. g5 Rh3 48. h5 Bf3 49. g6 Rxh5# 0-1

[Event "NAYCC U08"]
[Site "Toronto CAN"]
[Date "2013.08.16"]
[Round "5"]
[White "Guo, Roger"]
[Black "Zhao, Jonathan"]
[Result "0-1"]
[WhiteElo "636"]
[BlackElo "1196"]
[PlyCount "54"]
[GameId "2160767909250334"]
[EventDate "2013.08.14"]
[EventType "swiss"]
[EventRounds "9"]
[EventCountry "CAN"]
[SourceTitle "EXT 2022"]
[Source "ChessBase"]
[SourceDate "2021.10.06"]
[SourceVersion "1"]
[SourceVersionDate "2021.10.06"]
[SourceQuality "1"]

1. e4 e5 2. Nf3 Nc6 3. Nc3 Nf6 4. Bc4 Bc5 5. d3 h6 6. Be3 Bb6 7. O-O d6 8. h3 O-O 9. Nh4 Nxe4 10. dxe4 Qxh4 11. Qd2 Nd4 12. f4 Qh5 13. Nd5 Be6 14. Ne7+ Kh8 15. Bxe6 fxe6 16. Qd3 Rae8 17. g4 Qf7 18. Rae1 exf4 19. Rxf4 Nf3+ 20. Kg2 Nh4+ 21. Kh1 Qxe7 22. Ref1 Rxf4 23. Rxf4 Bxe3 24. Qxe3 Rf8 25. Rxf8+ Qxf8 26. Qe1 Qf3+ 27. Kg1 Qg2# 0-1

[Event "NAYCC U08"]
[Site "Toronto CAN"]
[Date "2013.08.16"]
[Round "5"]
[White "Hawthorn, Henry"]
[Black "Zhu, Max"]
[Result "0-1"]
[WhiteElo "1668"]
[BlackElo "880"]
[PlyCount "104"]
[GameId "2160767909250335"]
[EventDate "2013.08.14"]
[EventType "swiss"]
[EventRounds "9"]
[EventCountry "CAN"]
[SourceTitle "EXT 2022"]
[Source "ChessBase"]
[SourceDate "2021.10.06"]
[SourceVersion "1"]
[SourceVersionDate "2021.10.06"]
[SourceQuality "1"]

1. d4 d5 2. c4 c6 3. Nf3 Nf6 4. Nc3 e6 5. cxd5 cxd5 6. Bf4 Bd6 7. Bxd6 Qxd6 8. e3 a6 9. Bd3 Nc6 10. O-O O-O 11. a3 e5 12. dxe5 Nxe5 13. Be2 h6 14. h3 Be6 15. b4 b5 16. Rc1 Rfc8 17. Nd4 Nc6 18. Nxe6 fxe6 19. Qd2 Rd8 20. Rfd1 e5 21. Bf3 Ne7 22. Ne2 e4 23. Bg4 h5 24. Bxh5 Nxh5 25. Nc3 Nf6 26. Qa2 Rac8 27. Qb3 Rc4 28. Ne2 Rxc1 29. Rxc1 Nf5 30. Rd1 Ne7 31. Ng3 Nc6 32. Ne2 Kh8 33. g4 Nh7 34. Nf4 Ne7 35. Qb2 Nf8 36. Nh5 Ne6 37. Ng3 d4 38. Nxe4 Qd5 39. Ng3 d3 40. h4 Qf3 41. Rd2 Qxg4 42. h5 Ng5 43. h6 Nf3+ 44. Kg2 Nxd2 45. Qxd2 Ng6 46. hxg7+ Kxg7 47. Qc3+ Kh6 48. e4 d2 49. Kh2 Qh4+ 50. Kg2 Nf4+ 51. Kf3 d1=Q+ 52. Ke3 Ng2# 0-1

[Event "NAYCC U08"]
[Site "Toronto CAN"]
[Date "2013.08.16"]
[Round "5"]
[White "Hua, Charles"]
[Black "Rusonik, Max"]
[Result "1-0"]
[WhiteElo "1440"]
[BlackElo "650"]
[PlyCount "53"]
[GameId "2160767909250336"]
[EventDate "2013.08.14"]
[EventType "swiss"]
[EventRounds "9"]
[EventCountry "CAN"]
[SourceTitle "EXT 2022"]
[Source "ChessBase"]
[SourceDate "2021.10.06"]
[SourceVersion "1"]
[SourceVersionDate "2021.10.06"]
[SourceQuality "1"]

1. e4 e5 2. Nf3 Nc6 3. Bb5 a6 4. Ba4 b5 5. Bb3 d6 6. O-O Bg4 7. Bxf7+ Kxf7 8. Nxe5+ Nxe5 9. f3 Be6 10. d4 Nc4 11. b3 Nb6 12. Bb2 Nf6 13. d5 Bd7 14. Nc3 b4 15. Ne2 Be7 16. Qe1 Rf8 17. Qg3 Kg8 18. Nf4 Qe8 19. h4 g6 20. h5 Qf7 21. hxg6 hxg6 22. Nxg6 Kh7 23. Nxf8+ Qxf8 24. Kf2 Ne8 25. Rh1+ Qh6 26. Rxh6+ Kxh6 27. Rh1+ 1-0

[Event "NAYCC U08"]
[Site "Toronto CAN"]
[Date "2013.08.16"]
[Round "5"]
[White "Hung, Daniel1"]
[Black "Doknjas, Neil"]
[Result "1-0"]
[WhiteElo "1598"]
[BlackElo "1281"]
[PlyCount "135"]
[GameId "2160767909250337"]
[EventDate "2013.08.14"]
[EventType "swiss"]
[EventRounds "9"]
[EventCountry "CAN"]
[SourceTitle "EXT 2022"]
[Source "ChessBase"]
[SourceDate "2021.10.06"]
[SourceVersion "1"]
[SourceVersionDate "2021.10.06"]
[SourceQuality "1"]

1. e4 e5 2. Nf3 Nf6 3. Bc4 Nxe4 4. d3 Nf6 5. Nxe5 d5 6. Bb3 Bd6 7. d4 Be6 8. c3 c6 9. Nd2 Nbd7 10. f4 Qc7 11. h3 h5 12. Ndf3 O-O-O 13. Ng5 Bxe5 14. fxe5 Nh7 15. Nxe6 fxe6 16. O-O Nhf8 17. Bg5 Re8 18. Rf7 g6 19. Qf3 Nh7 20. Bd2 Qb6 21. Kh1 Rhf8 22. Rf1 Rxf7 23. Qxf7 Rf8 24. Qxh7 Rxf1+ 25. Kh2 Nf8 26. Qe7 Qd8 27. Qc5 a6 28. Bh6 g5 29. Bc2 g4 30. Bd3 Ra1 31. Qxf8 Qxf8 32. Bxf8 Rxa2 33. Ba3 Ra1 34. hxg4 hxg4 35. Be2 Kd8 36. Bxg4 Kd7 37. Bh3 Rb1 38. Kg3 Rf1 39. Kh4 Rf7 40. g4 Rh7+ 41. Kg3 Ke8 42. g5 Kf7 43. b4 Rg7 44. Bc1 b5 45. Bg4 Rg8 46. Bh5+ Kg7 47. Kh4 Rh8 48. g6 Rf8 49. Bg5 Rg8 50. Bf6+ Kh6 51. g7 Rxg7 52. Bxg7+ Kxg7 53. Kg5 Kh7 54. Bg4 Kg7 55. Bxe6 Kf8 56. Bd7 Ke7 57. Bxc6 Ke6 58. Bb7 Kd7 59. Bxd5 Kc7 60. Bb3 Kb6 61. e6 Kc6 62. e7 Kd7 63. Kf6 Kc7 64. e8=Q Kb6 65. Qd7 a5 66. Bd5 axb4 67. Qb7+ Ka5 68. Qa7# 1-0

[Event "NAYCC U08"]
[Site "Toronto CAN"]
[Date "2013.08.16"]
[Round "5"]
[White "Issani, Nameer"]
[Black "Wu, Nicholas"]
[Result "0-1"]
[WhiteElo "1425"]
[BlackElo "1194"]
[PlyCount "116"]
[GameId "2160767909250338"]
[EventDate "2013.08.14"]
[EventType "swiss"]
[EventRounds "9"]
[EventCountry "CAN"]
[SourceTitle "EXT 2022"]
[Source "ChessBase"]
[SourceDate "2021.10.06"]
[SourceVersion "1"]
[SourceVersionDate "2021.10.06"]
[SourceQuality "1"]

1. e4 e5 2. Nf3 Nc6 3. Bb5 a6 4. Ba4 Nf6 5. O-O b5 6. Bb3 Be7 7. Re1 O-O 8. c3 d5 9. exd5 Nxd5 10. d4 exd4 11. Nxd4 Nxd4 12. Bxd5 Qxd5 13. Rxe7 Qd8 14. Re1 Nf5 15. Qxd8 Rxd8 16. Bf4 c5 17. Nd2 Be6 18. Ne4 c4 19. Ng5 Bd5 20. g4 Nh4 21. Bg3 Nf3+ 22. Nxf3 Bxf3 23. h3 Rd2 24. Re3 Bc6 25. b4 Rad8 26. a3 R8d3 27. Be5 Rxe3 28. fxe3 f6 29. Bd4 Rg2+ 30. Kf1 Rh2 31. e4 Bxe4 32. Bf2 Rxh3 33. Rc1 Bf3 34. Re1 Bxg4 35. Bd4 Kf7 36. Re4 Bf5 37. Rf4 Kg6 38. Rf2 Rh1+ 39. Kg2 Be4+ 40. Kg3 h5 41. Kf4 Bd3 42. Rg2+ Kh6 43. Be3 Rh3 44. Rg3 g5+ 45. Kf3 Rxg3+ 46. Kxg3 h4+ 47. Kh3 Kh5 48. Kg2 Kg4 49. Kh2 f5 50. Bf2 f4 51. Kg2 Be4+ 52. Kh2 Kf3 53. Be1 Ke2 54. Bxh4 gxh4 55. Kg1 f3 56. Kh2 f2 57. a4 f1=Q 58. a5 Qg2# 0-1

[Event "NAYCC U08"]
[Site "Toronto CAN"]
[Date "2013.08.16"]
[Round "5"]
[White "Kang, Dorian"]
[Black "Kulic, Mateo"]
[Result "1-0"]
[WhiteElo "1008"]
[BlackElo "769"]
[PlyCount "129"]
[GameId "2160767909250339"]
[EventDate "2013.08.14"]
[EventType "swiss"]
[EventRounds "9"]
[EventCountry "CAN"]
[SourceTitle "EXT 2022"]
[Source "ChessBase"]
[SourceDate "2021.10.06"]
[SourceVersion "1"]
[SourceVersionDate "2021.10.06"]
[SourceQuality "1"]

1. e4 c5 2. Nf3 Nc6 3. d4 cxd4 4. Nxd4 Nf6 5. Nc3 e5 6. Nf3 Bc5 7. Be2 d6 8. O-O O-O 9. Be3 Bxe3 10. fxe3 Ng4 11. Qd2 Be6 12. h3 Nf6 13. Rad1 Ne8 14. Nb5 Bxa2 15. b3 a6 16. Nxd6 Nxd6 17. Qxd6 Qxd6 18. Rxd6 Rfd8 19. Rdd1 f6 20. Ra1 Nb4 21. c3 Nc2 22. Rxa2 Nxe3 23. Rd1 Rxd1+ 24. Bxd1 Nxd1 25. c4 Nc3 26. Ra5 Nxe4 27. Kf1 Kf7 28. Ke2 b6 29. Rd5 Nc5 30. b4 Ne4 31. Ke3 Nc3 32. Rd7+ Ke6 33. Rxg7 Rc8 34. c5 bxc5 35. bxc5 Rxc5 36. Rxh7 e4 37. Nd2 f5 38. Ra7 Nd5+ 39. Kf2 Rc2 40. Ke1 e3 41. Rxa6+ Ke5 42. Nf3+ Ke4 43. Ra4+ Nb4 44. Rxb4+ Kd3 45. Rd4+ Kc3 46. Rd8 f4 47. Rc8+ Kd3 48. Rxc2 Kxc2 49. Ke2 Kc3 50. h4 Kc4 51. h5 Kd5 52. h6 Ke6 53. h7 Kf5 54. h8=Q Kg4 55. Qh4+ Kf5 56. Qg5+ Ke6 57. Qxf4 Kd7 58. Qxe3 Kd8 59. g4 Kd7 60. g5 Kd8 61. g6 Kd7 62. g7 Kd8 63. g8=Q+ Kd7 64. Qee6+ Kc7 65. Qgc8# 1-0

[Event "NAYCC U08"]
[Site "Toronto CAN"]
[Date "2013.08.16"]
[Round "5"]
[White "Lalwani, Jay"]
[Black "Tang, Matthew"]
[Result "1/2-1/2"]
[WhiteElo "1509"]
[BlackElo "1031"]
[PlyCount "106"]
[GameId "2160767909250340"]
[EventDate "2013.08.14"]
[EventType "swiss"]
[EventRounds "9"]
[EventCountry "CAN"]
[SourceTitle "EXT 2022"]
[Source "ChessBase"]
[SourceDate "2021.10.06"]
[SourceVersion "1"]
[SourceVersionDate "2021.10.06"]
[SourceQuality "1"]

1. e4 e5 2. Nf3 Nc6 3. d4 exd4 4. Nxd4 Bc5 5. Be3 d6 6. Nxc6 bxc6 7. Bxc5 dxc5 8. Qxd8+ Kxd8 9. Nc3 Rb8 10. O-O-O+ Bd7 11. Na4 Nf6 12. Nxc5 Re8 13. f3 Re5 14. Nxd7 Nxd7 15. g3 g5 16. Bh3 Re7 17. f4 gxf4 18. gxf4 Ke8 19. Rhg1 Nf8 20. e5 Rd8 21. Rxd8+ Kxd8 22. Rg8 Re8 23. Rg7 Re7 24. Kd2 c5 25. Kd3 c6 26. Kc4 Ng6 27. Kxc5 Nxf4 28. Rxh7 Nxh3 29. Rxh3 Rxe5+ 30. Kxc6 Re2 31. Rc3 Rxh2 32. Kb7 a5 33. Rc8+ Kd7 34. Rc7+ Kd6 35. Rc3 f5 36. Kb6 Rh8 37. Rc6+ Kd7 38. Rf6 Rb8+ 39. Kxa5 Rxb2 40. a4 Rxc2 41. Rxf5 Kc6 42. Rf6+ Kd5 43. Rf5+ Kc6 44. Rb5 Rc5 45. Rxc5+ Kxc5 46. Ka6 Kc6 47. Ka7 Kc7 48. a5 Kc6 49. a6 Kc7 50. Ka8 Kc8 51. Ka7 Kc7 52. Ka8 Kc6 53. a7 Kc7 1/2-1/2

[Event "NAYCC U08"]
[Site "Toronto CAN"]
[Date "2013.08.16"]
[Round "5"]
[White "Liu, Owen"]
[Black "Kong, Brandon"]
[Result "0-1"]
[WhiteElo "571"]
[BlackElo "832"]
[PlyCount "80"]
[GameId "2160767909250341"]
[EventDate "2013.08.14"]
[EventType "swiss"]
[EventRounds "9"]
[EventCountry "CAN"]
[SourceTitle "EXT 2022"]
[Source "ChessBase"]
[SourceDate "2021.10.06"]
[SourceVersion "1"]
[SourceVersionDate "2021.10.06"]
[SourceQuality "1"]

1. e4 c5 2. Nf3 d6 3. Bc4 e5 4. Nc3 Be7 5. d3 Nf6 6. O-O O-O 7. Bg5 Nc6 8. Bxf6 Bxf6 9. Nd5 Bg4 10. h3 Bxf3 11. Qxf3 Bg5 12. Qd1 a6 13. a4 f5 14. b3 Kh8 15. c3 Ne7 16. Nxe7 Qxe7 17. Qf3 fxe4 18. Qxf8+ Rxf8 19. dxe4 Bh4 20. Bd5 b5 21. axb5 axb5 22. Bc6 b4 23. cxb4 cxb4 24. Bd5 Qg5 25. Ra7 Rb8 26. Rfa1 h6 27. Ra8 Rxa8 28. Bxa8 Qf6 29. Rf1 Qf7 30. Bd5 Qd7 31. Bc4 g5 32. Ra1 Qc7 33. Ra8+ Kg7 34. Rg8+ Kh7 35. Ra8 Qb6 36. Bg8+ Kh8 37. Rf8 Kg7 38. Rc8 Qxf2+ 39. Kh1 Bg3 40. Bd5 Qf1# 0-1

[Event "NAYCC U08"]
[Site "Toronto CAN"]
[Date "2013.08.16"]
[Round "5"]
[White "Low, Kevin"]
[Black "Lu, Maximillian"]
[Result "1/2-1/2"]
[WhiteElo "1451"]
[BlackElo "1655"]
[PlyCount "98"]
[GameId "2160767909250342"]
[EventDate "2013.08.14"]
[EventType "swiss"]
[EventRounds "9"]
[EventCountry "CAN"]
[SourceTitle "EXT 2022"]
[Source "ChessBase"]
[SourceDate "2021.10.06"]
[SourceVersion "1"]
[SourceVersionDate "2021.10.06"]
[SourceQuality "1"]

1. e4 c5 2. Nf3 d6 3. d4 cxd4 4. Nxd4 Nf6 5. Nc3 a6 6. f3 e5 7. Nb3 Be6 8. Be3 Be7 9. Qd2 Nbd7 10. O-O-O O-O 11. g4 b5 12. g5 b4 13. Ne2 Ne8 14. h4 a5 15. Kb1 a4 16. Nbc1 b3 17. cxb3 axb3 18. a3 Qa5 19. Qxa5 Rxa5 20. Nc3 Nc7 21. Nd3 Nc5 22. Bxc5 dxc5 23. Nxe5 Raa8 24. f4 f5 25. Bg2 Ra6 26. Rhf1 fxe4 27. Bxe4 Rd6 28. f5 Rxd1+ 29. Nxd1 Bd6 30. Ng4 Bd7 31. Nde3 Kh8 32. Rd1 Ne8 33. Nc4 Bxf5 34. Bxf5 Rxf5 35. Nge3 Rf3 36. Nxd6 Rxe3 37. Nb7 Re5 38. Rc1 c4 39. Rxc4 Re1+ 40. Rc1 Re4 41. Nc5 Rxh4 42. Nxb3 Nd6 43. Rd1 Nf7 44. Rg1 Rh5 45. g6 hxg6 46. Rxg6 Kh7 47. Rg1 g5 48. Nd4 Rh4 49. Ne2 g4 1/2-1/2

[Event "NAYCC U08"]
[Site "Toronto CAN"]
[Date "2013.08.16"]
[Round "5"]
[White "Mills, Torin"]
[Black "Guipi Bopala, Prince Eric jr"]
[Result "0-1"]
[WhiteElo "626"]
[BlackElo "930"]
[PlyCount "33"]
[GameId "2160767739919886"]
[EventDate "2013.08.14"]
[EventType "swiss"]
[EventRounds "9"]
[EventCountry "CAN"]
[SourceTitle "EXT 2022"]
[Source "ChessBase"]
[SourceDate "2021.10.06"]
[SourceVersion "1"]
[SourceVersionDate "2021.10.06"]
[SourceQuality "1"]

1. d4 d5 2. Nf3 e6 3. Nc3 Nf6 4. Bf4 Be7 5. e3 O-O 6. Bd3 Nc6 7. O-O Nb4 8. a3 Nxd3 9. Qxd3 b6 10. Rad1 c5 11. Rfe1 c4 12. Qe2 a6 13. Ne5 Bd6 14. Nc6 Qd7 15. Ne5 Qd8 16. Bg5 b5 17. Nf3 {...} 0-1

[Event "NAYCC U08"]
[Site "Toronto CAN"]
[Date "2013.08.16"]
[Round "5"]
[White "Polavaram, Rithik S"]
[Black "Xu, Bernie"]
[Result "1-0"]
[WhiteElo "1562"]
[BlackElo "1123"]
[PlyCount "135"]
[GameId "2160767909250343"]
[EventDate "2013.08.14"]
[EventType "swiss"]
[EventRounds "9"]
[EventCountry "CAN"]
[SourceTitle "EXT 2022"]
[Source "ChessBase"]
[SourceDate "2021.10.06"]
[SourceVersion "1"]
[SourceVersionDate "2021.10.06"]
[SourceQuality "1"]

1. d4 Nf6 2. Bg5 e6 3. e4 Be7 4. e5 Nd5 5. Bxe7 Qxe7 6. c4 Nb6 7. Nc3 O-O 8. Nf3 d5 9. cxd5 exd5 10. Bd3 Bg4 11. O-O Nc6 12. Be2 Qb4 13. Qd2 Bxf3 14. Bxf3 Nxd4 15. Bd1 Nc6 16. Bf3 d4 17. Bxc6 bxc6 18. Ne4 Qxd2 19. Nxd2 Rfe8 20. Nf3 Rad8 21. Rac1 Re6 22. Rfd1 d3 23. Rc3 d2 24. Rc2 f6 25. Rcxd2 Rxd2 26. Rxd2 fxe5 27. Re2 e4 28. Ng5 Rd6 29. g3 Rd1+ 30. Kg2 Ra1 31. Rxe4 g6 32. Re8+ Kg7 33. h4 Rxa2 34. Re7+ Kf6 35. Rxc7 Rxb2 36. Nxh7+ Ke5 37. Rxc6 Ke4 38. Ng5+ Kf5 39. Re6 Rb4 40. Kh3 Rg4 41. Re7 a5 42. Rf7+ Ke5 43. Kxg4 a4 44. Ra7 Kd4 45. Ra6 Kc5 46. Ne4+ Kb5 47. Ra7 Nc4 48. Nc3+ Kb4 49. Rxa4+ Kxc3 50. Rxc4+ Kxc4 51. Kg5 Kd3 52. Kxg6 Ke2 53. g4 Kxf2 54. h5 Ke3 55. h6 Ke4 56. h7 Kd5 57. h8=R Kd4 58. Kf5 Kd3 59. g5 Kd4 60. g6 Kd5 61. g7 Kd4 62. g8=R Kd3 63. Rg4 Ke3 64. Rh3+ Kf2 65. Rgg3 Ke2 66. Rg2+ Kf1 67. Rhh2 Ke1 68. Rh1# 1-0

[Event "NAYCC U08"]
[Site "Toronto CAN"]
[Date "2013.08.16"]
[Round "5"]
[White "Radin, Andrew"]
[Black "Sun, Frank"]
[Result "1/2-1/2"]
[WhiteElo "766"]
[BlackElo "1097"]
[PlyCount "70"]
[GameId "2160767909250344"]
[EventDate "2013.08.14"]
[EventType "swiss"]
[EventRounds "9"]
[EventCountry "CAN"]
[SourceTitle "EXT 2022"]
[Source "ChessBase"]
[SourceDate "2021.10.06"]
[SourceVersion "1"]
[SourceVersionDate "2021.10.06"]
[SourceQuality "1"]

1. e4 e5 2. Nf3 Nc6 3. Bb5 f6 4. Nc3 Bc5 5. O-O Nge7 6. h3 O-O 7. d3 d6 8. Bc4+ Kh8 9. Be3 Bxe3 10. fxe3 b6 11. d4 exd4 12. exd4 Bb7 13. d5 Ne5 14. Nb5 Nxc4 15. Qd3 Nxb2 16. Qb3 Qd7 17. Qxb2 Ba6 18. Rfb1 Ng6 19. Nbd4 Rae8 20. Ne6 Rxe6 21. dxe6 Qxe6 22. Qd4 Nf4 23. Qe3 Ne2+ 24. Kh2 f5 25. Re1 fxe4 26. Ng5 Qe5+ 27. Kh1 h6 28. Nxe4 Rf4 29. Qa3 Rxe4 30. Rad1 Nc3 31. Ra1 Ne2 32. Rad1 Ng3+ 33. Kg1 Be2 34. Rc1 Qd4+ 35. Kh2 Qd2 1/2-1/2

[Event "NAYCC U08"]
[Site "Toronto CAN"]
[Date "2013.08.16"]
[Round "5"]
[White "Shi, Stephen"]
[Black "Makaveev, Martin"]
[Result "1-0"]
[WhiteElo "581"]
[BlackElo "836"]
[PlyCount "85"]
[GameId "2160767909250345"]
[EventDate "2013.08.14"]
[EventType "swiss"]
[EventRounds "9"]
[EventCountry "CAN"]
[SourceTitle "EXT 2022"]
[Source "ChessBase"]
[SourceDate "2021.10.06"]
[SourceVersion "1"]
[SourceVersionDate "2021.10.06"]
[SourceQuality "1"]

1. e4 e5 2. Nf3 Nc6 3. Nc3 Nf6 4. Bc4 Bb4 5. O-O O-O 6. d3 d6 7. Bg5 a6 8. Nd5 Bg4 9. Bxf6 gxf6 10. c3 Bc5 11. b4 Ba7 12. b5 Re8 13. bxc6 bxc6 14. Qc1 cxd5 15. Bxd5 Rf8 16. Bxa8 Qxa8 17. Qh6 Bxf3 18. gxf3 Re8 19. Qxf6 Kf8 20. Qh8+ Ke7 21. Qxh7 Bb6 22. Qh4+ f6 23. Qh7+ Kd8 24. c4 Qa7 25. h3 Ba5 26. Kh2 Re7 27. Qh8+ Re8 28. Qxf6+ Re7 29. f4 exf4 30. Qxf4 Bc3 31. Rac1 Bb2 32. Rc2 Ba3 33. Qf8+ Re8 34. Qf6+ Re7 35. Rc3 Bb4 36. Rb3 Ba5 37. Qb2 Re8 38. Rb8+ Kd7 39. Qg7+ Re7 40. Qg4+ Re6 41. Rg8 Ke7 42. Qg5+ Kf7 43. Qg7# 1-0

[Event "NAYCC U08"]
[Site "Toronto CAN"]
[Date "2013.08.16"]
[Round "5"]
[White "Sydykhanov, Arman"]
[Black "Mo, Aidan"]
[Result "1/2-1/2"]
[WhiteElo "620"]
[BlackElo "1002"]
[PlyCount "76"]
[GameId "2160767909250346"]
[EventDate "2013.08.14"]
[EventType "swiss"]
[EventRounds "9"]
[EventCountry "CAN"]
[SourceTitle "EXT 2022"]
[Source "ChessBase"]
[SourceDate "2021.10.06"]
[SourceVersion "1"]
[SourceVersionDate "2021.10.06"]
[SourceQuality "1"]

1. e4 c5 2. Nf3 Nc6 3. d4 cxd4 4. Nxd4 Nf6 5. Nc3 e5 6. Nxc6 bxc6 7. Bg5 Bb4 8. a3 Bxc3+ 9. bxc3 O-O 10. Bd3 d5 11. exd5 cxd5 12. O-O Qb6 13. a4 Bb7 14. a5 Qc6 15. a6 Bc8 16. Qd2 Rb8 17. Rab1 Bxa6 18. Rxb8 Rxb8 19. Qe2 Bxd3 20. Qxd3 e4 21. Qg3 Rb2 22. f3 Rxc2 23. Bxf6 Qb6+ 24. Kh1 g6 25. Qe5 Qb5 26. Rd1 Rd2 27. Rg1 exf3 28. gxf3 Re2 29. Qc7 a6 30. Qg3 h5 31. Qg5 Kh7 32. Bd4 Qb8 33. f4 Qb2 34. Rg2 Rxg2 35. Qxg2 Qxg2+ 36. Kxg2 Kg8 37. Bc5 Kg7 38. Bd6 f5 1/2-1/2

[Event "NAYCC U08"]
[Site "Toronto CAN"]
[Date "2013.08.16"]
[Round "5"]
[White "Tang, Andrew"]
[Black "Medina, Benjamin R"]
[Result "1/2-1/2"]
[WhiteElo "1593"]
[BlackElo "1606"]
[PlyCount "69"]
[GameId "2160767909250347"]
[EventDate "2013.08.14"]
[EventType "swiss"]
[EventRounds "9"]
[EventCountry "CAN"]
[SourceTitle "EXT 2022"]
[Source "ChessBase"]
[SourceDate "2021.10.06"]
[SourceVersion "1"]
[SourceVersionDate "2021.10.06"]
[SourceQuality "1"]

1. e4 c6 2. d4 d5 3. exd5 cxd5 4. c4 Nf6 5. Nc3 e6 6. Nf3 Nc6 7. Bf4 Bd6 8. Bxd6 Qxd6 9. c5 Qc7 10. Bb5 a6 11. Bxc6+ bxc6 12. O-O O-O 13. Re1 a5 14. Qc2 Ba6 15. Na4 Ra7 16. Nb6 Nd7 17. Na4 Bb5 18. Nc3 Rb8 19. Ne5 Nxe5 20. Rxe5 h6 21. h3 Rab7 22. b3 Ba6 23. Na4 Rb4 24. Nb6 Rxd4 25. Rae1 Rd3 26. Qb2 Qe7 27. a3 Rb7 28. b4 axb4 29. axb4 Qf6 30. Qa2 Ra7 31. Nd7 Qf4 32. R5e2 Qxb4 33. Rb1 Qc4 34. Rb8+ Kh7 35. Nf8+ 1/2-1/2

[Event "NAYCC U08"]
[Site "Toronto CAN"]
[Date "2013.08.16"]
[Round "5"]
[White "Trakru, Rohun"]
[Black "Pau, Ethan"]
[Result "1/2-1/2"]
[WhiteElo "1372"]
[BlackElo "1535"]
[PlyCount "82"]
[GameId "2160767909250348"]
[EventDate "2013.08.14"]
[EventType "swiss"]
[EventRounds "9"]
[EventCountry "CAN"]
[SourceTitle "EXT 2022"]
[Source "ChessBase"]
[SourceDate "2021.10.06"]
[SourceVersion "1"]
[SourceVersionDate "2021.10.06"]
[SourceQuality "1"]

1. e4 c5 2. Nf3 d6 3. d4 cxd4 4. Qxd4 Nc6 5. Bb5 Bd7 6. Qd3 Nb4 7. Bxd7+ Qxd7 8. Qb3 Nc6 9. O-O g6 10. c3 Bg7 11. Na3 Nf6 12. Re1 O-O 13. h3 Rac8 14. Bf4 b6 15. Rad1 Qe6 16. Qxe6 fxe6 17. Ng5 Nd8 18. Bh2 h6 19. Nf3 e5 20. Nh4 g5 21. Nf5 Rf7 22. Nb5 Nb7 23. Nxa7 Ra8 24. Nc6 Rxa2 25. Ncxe7+ Kh7 26. Nxg7 Rxe7 27. Nf5 Rd7 28. Rb1 Nc5 29. f3 Nd3 30. Red1 Rxb2 31. Rxb2 Nxb2 32. Rxd6 Rxd6 33. Nxd6 Nd7 34. Nf7 Nc4 35. Kf2 Kg6 36. Nd8 Nc5 37. Ke2 Kf6 38. Nc6 Ke6 39. Nb4 Nb2 40. Bg1 Nca4 41. Kd2 Nc4+ 1/2-1/2

[Event "NAYCC U08"]
[Site "Toronto CAN"]
[Date "2013.08.16"]
[Round "5"]
[White "Xu, Derrick"]
[Black "Lu, Michael"]
[Result "0-1"]
[WhiteElo "627"]
[BlackElo "356"]
[PlyCount "176"]
[GameId "2160767909250349"]
[EventDate "2013.08.14"]
[EventType "swiss"]
[EventRounds "9"]
[EventCountry "CAN"]
[SourceTitle "EXT 2022"]
[Source "ChessBase"]
[SourceDate "2021.10.06"]
[SourceVersion "1"]
[SourceVersionDate "2021.10.06"]
[SourceQuality "1"]

1. d4 Nf6 2. e3 Nc6 3. c3 d5 4. Bd3 Bg4 5. Nf3 e6 6. Nbd2 Bd6 7. O-O O-O 8. h3 Bh5 9. Qe2 Re8 10. e4 dxe4 11. Nxe4 Qe7 12. Bg5 Kh8 13. Bxf6 gxf6 14. Nxd6 Qxd6 15. Qe4 Bg6 16. Qe3 Rg8 17. Bxg6 Rxg6 18. Rad1 Rag8 19. Nh4 R6g7 20. Qf3 Qe7 21. d5 Ne5 22. Qf4 Ng6 23. Qh6 Nxh4 24. Qxh4 Rg5 25. g3 exd5 26. Rfe1 Qc5 27. Re3 Qd6 28. c4 c6 29. b3 Qd7 30. cxd5 cxd5 31. Qh6 f5 32. h4 R5g6 33. Qf4 Qd6 34. Qxd6 Rxd6 35. Re7 f4 36. Rxf7 fxg3 37. fxg3 Rxg3+ 38. Kh2 Rg4 39. Rf8+ Kg7 40. Kh3 Kxf8 41. Kxg4 d4 42. Rf1+ Ke7 43. Re1+ Re6 44. Rd1 Rd6 45. Re1+ Kf6 46. Rf1+ Kg6 47. h5+ Kh6 48. Rd1 d3 49. Kf5 Kxh5 50. Ke5 Rd8 51. Ke4 Kg6 52. Rxd3 Rxd3 53. Kxd3 h5 54. Ke3 Kg5 55. Kf2 Kf4 56. Kg2 Kg4 57. Kh1 Kh3 58. a4 h4 59. b4 Kg3 60. b5 h3 61. a5 Kf4 62. b6 a6 63. Kh2 Kg4 64. Kg1 Kf4 65. Kh2 Ke4 66. Kxh3 Kd4 67. Kg2 Kc5 68. Kf2 Kb5 69. Ke2 Kxa5 70. Kd2 Kxb6 71. Kc2 Kc6 72. Kb2 b5 73. Ka2 a5 74. Kb2 a4 75. Ka2 b4 76. Kb2 a3+ 77. Kb3 Kb5 78. Ka2 Ka4 79. Ka1 b3 80. Kb1 b2 81. Ka2 Kb5 82. Kb1 Kb4 83. Ka2 Kc3 84. Kb1 a2+ 85. Kxa2 Kc2 86. Ka3 b1=Q 87. Ka4 Kc3 88. Ka3 Qa1# 0-1

[Event "NAYCC U08"]
[Site "Toronto CAN"]
[Date "2013.08.16"]
[Round "5"]
[White "Xu, Sivan"]
[Black "Luo, Owen"]
[Result "1-0"]
[WhiteElo "694"]
[BlackElo "992"]
[PlyCount "85"]
[GameId "2160767909250350"]
[EventDate "2013.08.14"]
[EventType "swiss"]
[EventRounds "9"]
[EventCountry "CAN"]
[SourceTitle "EXT 2022"]
[Source "ChessBase"]
[SourceDate "2021.10.06"]
[SourceVersion "1"]
[SourceVersionDate "2021.10.06"]
[SourceQuality "1"]

1. e4 g6 2. d4 Bg7 3. Nf3 Nf6 4. Nc3 O-O 5. Bc4 Nc6 6. O-O d6 7. d5 Ne5 8. Nxe5 dxe5 9. Bg5 Bg4 10. Qc1 c6 11. Bh6 Nh5 12. Bxg7 Nxg7 13. Qh6 b5 14. Bb3 Rc8 15. h3 Bh5 16. g4 b4 17. Na4 c5 18. c4 bxc3 19. bxc3 c4 20. Bc2 Bxg4 21. hxg4 Qd6 22. Rfe1 e6 23. Re3 exd5 24. Rh3 Rfe8 25. Qxh7+ Kf8 26. Qh8+ Ke7 27. Qxg7 Qf6 28. Qxf6+ Kxf6 29. Rf3+ Kg7 30. exd5 Rh8 31. Rd1 Rh7 32. d6 Rd8 33. d7 Kf8 34. Nc5 Ke7 35. Ba4 Rh4 36. Nb7 e4 37. Re3 Rxg4+ 38. Kf1 Rh4 39. Nxd8 Rh1+ 40. Ke2 Rxd1 41. Kxd1 Kxd8 42. Rxe4 f5 43. Re8+ 1-0